| 000 | 00718cab a2200265 4500 | ||
|---|---|---|---|
| 001 | ABS53189 | ||
| 008 | 090401t1995 xxu||||| |||| 00| 0 eng d | ||
| 035 | _a(Sirsi) u2575 | ||
| 041 | _aeng | ||
| 100 | _aAshton, T. | ||
| 245 | _aRoad test: sparring partners | ||
| 260 | _c1995 | ||
| 350 | _a0 | ||
| 490 |
_aProperty Week _v52(1) 6 July 1995, 33-35(3) |
||
| 520 | _aCompares two new warehouses near Warrington, Distribution Point and Ringside. | ||
| 650 | _aCOST ANALYSIS | ||
| 650 | _aDISTRIBUTION POINT | ||
| 650 | _aOCCUPANCY COSTS | ||
| 650 | _aROAD TEST | ||
| 650 | _aWAREHOUSES | ||
| 690 | _aBUILDING AND CONSTRUCTION-PROJECTS | ||
| 700 | _aHoldsworth, P. | ||
| 942 | _n0 | ||
| 948 | _c04/03/1997 | ||
| 999 |
_c1551 _d1551 |
||